000 00816nam a2200217 4500
005 20110901151041.0
010 _aG-001315
020 _c495.00
035 _aG-001315
037 _bGift
082 _a808.882
245 _aEncyclopedia of best quotations /
_cedited by Shruit Jain
260 _aChandigarh
_bUnistar Books
_c2006
270 _aS.C.O, 26-27, Sector 43A,
_bChandigarh
_e160022
300 _a339p.
_c22cm (Hb)
490 _aFine words-I wonder where you stole them
_934097
700 _aJain, Shruti
_934095
942 _2ddc
_cEN
_mENC
_h808.882
999 _c56165
_d56165